000 01222nam a2200229 i 4500
001 158091
003 ES-MaACL
005 20250618143228.0
008 010724s1893 sp a |||| | spa d
040 _aCAM
_bspa
_cCAM
100 0 _aLópez-Cerezo Andreu, Francisco.
_973505
245 1 3 _aEl general Ricardos y la campaña del Rosellón
_b: conferencia dada el 13 de marzo de 1893 [en el Centro del Ejército y de la Armada] /
_cpor Francisco López-Cerezo y Andreu.
260 _aMadrid :
_bCentro del Ejército y de la Armada,
_c1893 (
_fImp. de "El Correo Militar" a cargo de H. Sevilla)
300 _a59 p. :
_bil. ;
_c23 cm.
530 _aDisponible en formato digital.
597 _aLa il. en pag. 7 retrato de general Ricardos.
600 2 7 _aRicardos Carrillo de Albornoz, Antonio,
_d1727-1794-
_xBiografías
_2
_9131786
650 4 _aGuerra de la primera coalición, 1792-1797-
_xCampañas-
_zEspaña.
_9143162
852 _aES-MaACL
_jT-698-F-3
_z-- Enc. hol.
_z-- Ded. ms. del autor a la Biblioteca del Ateneo de Madrid
_q-- Falto de la cub. original
_z-- Enc. en un vol. facticio
856 _uhttp://bdh-rd.bne.es/viewer.vm?id=0000052542&page=1
_zBiblioteca Digital Hispánica
999 _c158091
_d158091